| 000 -LEADER | |
|---|---|
| fixed length control field | 00403nam a22001697a 4500 |
| 005 - DATE AND TIME OF LATEST TRANSACTION | |
| control field | 20200915161338.0 |
| 008 - FIXED-LENGTH DATA ELEMENTS--GENERAL INFORMATION | |
| fixed length control field | 160615b xxu||||| |||| 00| 0 eng d |
| 020 ## - INTERNATIONAL STANDARD BOOK NUMBER | |
| ISBN | 81-7008-991-3 |
| 041 ## - LANGUAGE CODE | |
| Language code of text/sound track or separate title | eng |
| 082 ## - DEWEY DECIMAL CLASSIFICATION NUMBER | |
| Item number | 629.222 |
| 100 ## - MAIN ENTRY--AUTHOR NAME | |
| Personal name | Rajput, R.K. |
| 245 ## - TITLE STATEMENT | |
| Title | Automobile Engineering |
| 260 ## - PUBLICATION, DISTRIBUTION, ETC. (IMPRINT) | |
| Name of publisher | Laxmi Publication |
| Year of publication | 2013 |
| 300 ## - PHYSICAL DESCRIPTION | |
| Number of Pages | 863 |
| 650 ## - SUBJECT ADDED ENTRY--TOPICAL TERM | |
| Topical Term | DIPLOMA ENGINEERING |
| 942 ## - ADDED ENTRY ELEMENTS (KOHA) | |
| Koha item type | Books |
| Lost status | Damaged status | Home library | Current library | Shelving location | Date acquired | Cost, normal purchase price | Full call number | Accession Number | Koha item type | Collection code | Source of acquisition | Copy number |
|---|---|---|---|---|---|---|---|---|---|---|---|---|
| JRU Library | SHELF-47-J | 15/06/2016 | 650.00 | 629.222 | 7843 | Books | ||||||
| JRU Library | 15/06/2016 | 650.00 | 629.222 | 7844 | Books | |||||||
| JRU Library | 15/06/2016 | 650.00 | 629.222 | 7845 | Books | |||||||
| JRU Library | SHELF-72-C | 15/06/2016 | 650.00 | 629.222 | 7846 | Books | Reference | |||||
| JRU Library | SHELF-47-L | 05/09/2016 | 725.00 | 629.222 | 21056 | Books | PURCHASE | 5 | ||||
| JRU Library | SHELF-47-L | 05/09/2016 | 725.00 | 629.222 | 21057 | Books | PURCHASE | 5 | ||||
| JRU Library | SHELF-47-L | 05/09/2016 | 725.00 | 629.222 | 21058 | Books | PURCHASE | 5 | ||||
| JRU Library | SHELF-47-L | 05/09/2016 | 725.00 | 629.222 | 21059 | Books | PURCHASE | 5 | ||||
| JRU Library | SHELF-47-L | 05/09/2016 | 725.00 | 629.222 | 21060 | Books | PURCHASE | 5 | ||||
| JRU Library | JRU Library | SHELF-58-G | 19/09/2017 | 795.00 | 629.222 | 21995 | Books | MINING | Purchase | |||
| JRU Library | SHELF-47-L | 19/09/2017 | 795.00 | 629.222 | 21996 | Books | Purchase | |||||
| JRU Library | JRU Library | SHELF-58-G | 19/09/2017 | 795.00 | 629.222 | 21997 | Books | MINING | Purchase | |||
| JRU Library | SHELF-47-L | 19/09/2017 | 795.00 | 629.222 | 21998 | Books | Purchase | |||||
| JRU Library | JRU Library | SHELF-58-G | 19/09/2017 | 795.00 | 629.222 | 21999 | Books | MINING | Purchase |